000 00630nam a22001697a 4500
003 OSt
005 20171010095437.0
008 120522t xxu||||| |||| 00| 0 eng d
040 _aMMSU
_cULS
100 _aDuropan, Venus Michelle A.
_99597
245 _aProduction of bioethanol from sweet sorghum (Sorghum bicolor) juice using different straints of zymomonas mobilis
_cVenus Michelle A. Duropan
260 _c2007
300 _axv, 51 leaves
_c28 cm.
500 _aThesis (BS Biology) -- Mariano Marcos State University-College of Arts and Sciences, Batac City
504 _aBibliography: leaves 30-31
942 _2ddc
_cTHEDIS
999 _c9518
_d9518